Guess Where You Are In Google Maps #1 - Statistics

General Stats
  • This quiz has been taken 3,580 times
  • The average score is 16 of 20
Answer Stats
Answer % Correct
United States
93%
Rome
91%
Japan
90%
Moscow
90%
Tokyo
90%
Italy
89%
New York
89%
Russia
89%
Paris
87%
France
86%
London
86%
United Kingdom
85%
Sydney
79%
Australia
78%
Brazil
78%
Rio de Janeiro
78%
Canada
75%
Toronto
74%
Cape Town
48%
South Africa
48%
No matching quizzes found
Score Distribution
Percent of People with Each Score
Percentile by Number Answered
Your Score History
You have not taken this quiz